[Event "Women's Speed Chess Q5"]
[Site "chess.com INT"]
[Date "2021.06.04"]
[Round "5"]
[White "Mrudul, Dehankar"]
[Black "Belenkaya, Dina"]
[Result "1-0"]
[WhiteTitle "WIM"]
[BlackTitle "WGM"]
[WhiteElo "2256"]
[BlackElo "2341"]
[WhiteFideId "25096990"]
[BlackFideId "24142654"]
[EventDate "2021.06.04"]

1. e4 d5 2. exd5 Qxd5 3. Nc3 Qe5+ 4. Be2 c6 5. Nf3 Qc7 6. d4 Nf6 7. h3 Bf5 8.
Be3 e6 9. O-O Nbd7 10. Qd2 Bd6 11. Rfe1 O-O 12. Nh4 Bg6 13. Nxg6 hxg6 14. Bf3 a5
15. a3 a4 16. Ne2 Nd5 17. Bg5 f6 18. c4 Ne7 19. Bf4 g5 20. Bxd6 Qxd6 21. c5 Qc7
22. Bg4 f5 23. Qxg5 Nf6 24. Bf3 Rad8 25. Nf4 Nh7 26. Qg3 Nd5 27. Nxe6 f4 28. Qh4
Qf7 29. Nxd8 Qg6 30. Ne6 Re8 31. Nxf4 1-0

[Event "Women's Speed Chess Q5"]
[Site "chess.com INT"]
[Date "2021.06.04"]
[Round "5"]
[White "Morris-Suzuki, Sophie"]
[Black "Nomin-Erdene, Davaademberel"]
[Result "1-0"]
[WhiteTitle "WFM"]
[BlackTitle "IM"]
[WhiteElo "2043"]
[BlackElo "2382"]
[WhiteFideId "30922615"]
[BlackFideId "4900782"]
[EventDate "2021.06.04"]

1. e4 c6 2. d4 d5 3. e5 Bf5 4. h4 h5 5. Bg5 Qa5+ 6. Nd2 e6 7. Nf3 c5 8. c3 Qb6
9. Qb3 Nc6 10. Bb5 Be7 11. dxc5 Bxc5 12. O-O Ne7 13. c4 O-O 14. cxd5 Nxd5 15.
Nc4 Qc7 16. Rac1 Ndb4 17. Ne3 Qb6 18. Qc4 Bxe3 19. Bxe3 Qa5 20. Rfd1 a6 21. Bxc6
Nxc6 22. Bc5 Rfd8 23. Bd6 Qb5 24. Qf4 Qxb2 25. Ng5 g6 26. Ne4 Na5 27. Nf6+ Kg7
28. Qg5 Nc6 29. Nxh5+ Kh7 30. Nf6+ Kg7 31. h5 Qb5 32. h6+ Kh8 33. Nd5 Nxe5 34.
Qf6+ Kh7 35. Qg7# 1-0

[Event "Women's Speed Chess Q5"]
[Site "chess.com INT"]
[Date "2021.06.04"]
[Round "5"]
[White "Ramirez, Maria Eugenia"]
[Black "Gevorgyan, Maria"]
[Result "1-0"]
[WhiteTitle "WFM"]
[BlackTitle "WGM"]
[WhiteElo "2057"]
[BlackElo "2219"]
[WhiteFideId "3301680"]
[BlackFideId "13300270"]
[EventDate "2021.06.04"]

1. e4 c5 2. c3 Nf6 3. e5 Nd5 4. g3 Nc6 5. Bg2 Nc7 6. Nf3 g6 7. O-O Bg7 8. Re1
O-O 9. Na3 d6 10. exd6 exd6 11. d4 cxd4 12. Nxd4 Nxd4 13. cxd4 Ne6 14. Nc2 Qb6
15. Be3 Qxb2 16. Qd3 Qb6 17. Rab1 Qc7 18. Rec1 Qd8 19. Bxb7 Bxb7 20. Rxb7 Qf6
21. d5 Ng5 22. Bxg5 Qxg5 23. Ne3 Qh5 24. Rcc7 a5 25. Qe4 Qe2 26. Rc2 Qe1+ 27.
Kg2 a4 28. Qf3 a3 29. Rcc7 Qa1 30. Rxf7 Rxf7 31. Qxf7+ Kh8 32. Re7 Qf6 33. Qxf6
Bxf6 34. Re6 Bd4 35. Rxd6 Rc8 36. Rc6 Rb8 37. Nc4 Rf8 38. f4 Re8 39. Kf3 Kg7 40.
d6 Rd8 41. Ne5 Kf6 42. Ke4 Ke6 43. Kxd4 1-0

[Event "Women's Speed Chess Q5"]
[Site "chess.com INT"]
[Date "2021.06.04"]
[Round "5"]
[White "Mohota, Nisha"]
[Black "Von Herman, Brigitte"]
[Result "0-1"]
[WhiteTitle "IM"]
[BlackTitle "WFM"]
[WhiteElo "2195"]
[BlackElo "1991"]
[WhiteFideId "5004330"]
[BlackFideId "4628730"]
[EventDate "2021.06.04"]

1. b3 d5 2. Bb2 c6 3. e3 Nf6 4. f4 Bf5 5. Nf3 e6 6. Bd3 Bxd3 7. cxd3 Nbd7 8. O-O
Bd6 9. Ne5 Qe7 10. Qf3 h6 11. Kh1 O-O-O 12. d4 g5 13. a4 Rdg8 14. Ba3 Rg7 15.
Bxd6 Qxd6 16. Nc3 g4 17. Qe2 h5 18. b4 Kb8 19. Rfb1 Ne4 20. Nxe4 dxe4 21. b5 c5
22. Nxd7+ Qxd7 23. dxc5 Rd8 24. Rb2 Qd3 25. Qe1 f5 26. c6 Rd6 27. cxb7 Rgd7 28.
Rc1 Kxb7 29. Rbc2 Qa3 30. Qh4 Rxd2 31. h3 Qxe3 32. Qf6 g3 33. Rxd2 Qxd2 0-1

[Event "Women's Speed Chess Q5"]
[Site "chess.com INT"]
[Date "2021.06.04"]
[Round "5"]
[White "Kulkarni, Bhakti"]
[Black "Zawadzka, Jolanta"]
[Result "1-0"]
[WhiteTitle "IM"]
[BlackTitle "WGM"]
[WhiteElo "2391"]
[BlackElo "2403"]
[WhiteFideId "5019516"]
[BlackFideId "1122320"]
[EventDate "2021.06.04"]

1. d4 d5 2. c4 e6 3. Nc3 Bb4 4. e3 Nf6 5. Bd2 O-O 6. Bd3 dxc4 7. Bxc4 a6 8. Nf3
b5 9. Be2 Bb7 10. O-O Bxc3 11. Bxc3 Ne4 12. Bb4 Nd7 13. a4 Nd6 14. axb5 axb5 15.
Bxd6 cxd6 16. Rxa8 Qxa8 17. Bxb5 Nf6 18. Qe2 Rb8 19. Bd3 Bxf3 20. gxf3 Nd5 21.
Rc1 g6 22. Be4 Qa5 23. Rc2 Nb4 24. Rc1 Qa2 25. Rc7 d5 26. Bc2 Qxb2 27. Bd1 Qb1
28. Kg2 Nd3 29. Rc3 Nb2 30. Bc2 Qc1 31. Rb3 Rxb3 32. Bxb3 Qc3 33. Bc2 Kg7 34. f4
h5 35. Bb1 Nc4 36. Ba2 Nd6 37. Bb1 Qc1 38. Qc2 Qe1 39. Qb3 h4 40. h3 Nc4 41. Qb8
Qd2 42. Qb3 Qe1 43. Qb8 Nxe3+ 44. fxe3 Qg3+ 45. Kf1 Qf3+ 46. Ke1 Qxe3+ 47. Kd1
Qxd4+ 48. Kc2 Qf2+ 49. Kc3 Qe3+ 50. Bd3 Qxh3 51. Qe5+ Kg8 52. Qb8+ Kh7 53. Qf8
Qg3 54. Qxf7+ Kh6 55. Qxe6 h3 56. Qg8 d4+ 57. Kc4 Kh5 58. Be2+ Kh4 59. Qh7# 1-0

[Event "Women's Speed Chess Q5"]
[Site "chess.com INT"]
[Date "2021.06.04"]
[Round "5"]
[White "Sikorova, Olga"]
[Black "Zaichenko, Daria"]
[Result "0-1"]
[WhiteTitle "WGM"]
[BlackTitle "WFM"]
[WhiteElo "2215"]
[BlackElo "2104"]
[WhiteFideId "307033"]
[BlackFideId "4197453"]
[EventDate "2021.06.04"]

1. c4 e6 2. g3 d5 3. Bg2 Be7 4. Nf3 Nf6 5. O-O O-O 6. b3 c5 7. e3 Nc6 8. Bb2 b6
9. Nc3 Bb7 10. cxd5 Nxd5 11. Nxd5 exd5 12. d4 Bf6 13. Ne5 Re8 14. f4 Bxe5 15.
dxe5 Ne7 16. Qg4 Bc8 17. e6 g6 18. f5 Nxf5 19. exf7+ Kxf7 20. e4 dxe4 21. Bxe4
Qd2 22. Bxa8 Qxb2 23. Rad1 Kg7 24. Qf4 Ba6 25. Rf2 Qc3 26. Qd2 Qxd2 27. Rfxd2
Rxa8 28. Rd7+ Kh6 29. Rc7 Nd4 30. Kg2 Be2 31. Rd2 Bf3+ 32. Kh3 g5 33. g4 Re8 34.
Kg3 Be4 35. b4 Rf8 36. bxc5 Rf3+ 37. Kg2 Rd3+ 38. Kf1 Rxd2 39. cxb6 Bd3+ 40. Kg1
Nf3+ 41. Kh1 Rxh2# 0-1

[Event "Women's Speed Chess Q5"]
[Site "chess.com INT"]
[Date "2021.06.04"]
[Round "5"]
[White "Berend, Elvira"]
[Black "Obregon Garcia, Roxangel"]
[Result "1-0"]
[WhiteTitle "WGM"]
[BlackTitle "WIM"]
[WhiteElo "2326"]
[BlackElo "2167"]
[WhiteFideId "4000510"]
[BlackFideId "3520420"]
[EventDate "2021.06.04"]

1. e4 c5 2. Nf3 Nc6 3. c3 d5 4. exd5 Qxd5 5. d4 Bf5 6. Be3 cxd4 7. cxd4 Bxb1 8.
Rxb1 e6 9. a3 Nf6 10. Be2 Be7 11. O-O O-O 12. Rc1 Rfd8 13. Bc4 Qd6 14. Ba2 h6
15. Bb1 Rac8 16. Qe2 a6 17. Rcd1 Qb8 18. g3 Bd6 19. Rfe1 Ne7 20. Bc1 Ned5 21.
Ne5 Re8 22. Qd3 b5 23. Bd2 Qb6 24. Qf3 Rc7 25. Be3 Rec8 26. Bd3 a5 27. Kg2 b4
28. a4 b3 29. h4 Qb4 30. Ng4 Qxa4 31. Nxh6+ gxh6 32. Bxh6 Qe8 33. Bg5 Be7 34.
Re5 Qf8 35. Bxf6 Bxf6 36. Rxd5 exd5 37. Qxf6 Qg7 38. Qf5 a4 39. Qxd5 Re7 40. Bf5
Rce8 41. Rd3 Re2 42. Rf3 Rd2 43. Bd3 Re6 44. Bc4 1-0

[Event "Women's Speed Chess Q5"]
[Site "chess.com INT"]
[Date "2021.06.04"]
[Round "5"]
[White "Zaksaite, Salomeja"]
[Black "Obolentseva, Alexandra"]
[Result "1/2-1/2"]
[WhiteTitle "WIM"]
[BlackTitle "WGM"]
[WhiteElo "2202"]
[BlackElo "2297"]
[WhiteFideId "12801496"]
[BlackFideId "24153648"]
[EventDate "2021.06.04"]

1. e4 c5 2. Nf3 d6 3. d4 cxd4 4. Nxd4 Nf6 5. Nc3 g6 6. Be3 Bg7 7. f3 a6 8. Qd2
b5 9. g4 Bb7 10. h4 h5 11. g5 Nfd7 12. a4 b4 13. Nd5 a5 14. Bg2 Bxd5 15. exd5
Nb6 16. Qd3 O-O 17. f4 Qd7 18. f5 Nxa4 19. fxg6 Nxb2 20. Qb3 fxg6 21. Qxb2 Qg4
22. Bh3 Qg3+ 23. Kd2 Rf2+ 24. Bxf2 Qxf2+ 25. Kd3 Na6 26. Be6+ Kh7 27. Raf1 Nc5+
28. Kc4 Qe3 29. Rh3 Qe4 30. Rd3 Nxd3 31. cxd3 Qe5 32. Qf2 a4 33. Qf4 b3 34. Qxe5
Bxe5 35. Nxb3 axb3 36. Kxb3 Rb8+ 37. Kc4 Rb2 38. Rf7+ Kh8 39. Rxe7 Rc2+ 40. Kb5
Rc3 41. Re8+ Kh7 42. Re7+ Kh8 43. Re8+ Kh7 44. Re7+ Kh8 1/2-1/2

[Event "Women's Speed Chess Q5"]
[Site "chess.com INT"]
[Date "2021.06.04"]
[Round "5"]
[White "Komiagina, Maria"]
[Black "Rakshitta, Ravi"]
[Result "1-0"]
[WhiteTitle "WIM"]
[BlackTitle "WIM"]
[WhiteElo "2241"]
[BlackElo "2190"]
[WhiteFideId "4153987"]
[BlackFideId "25073230"]
[EventDate "2021.06.04"]

1. e4 e5 2. Nf3 Nc6 3. Bb5 f5 4. d3 fxe4 5. dxe4 Nf6 6. Qe2 d6 7. h3 a6 8. Bc4
b5 9. Bb3 Na5 10. Bg5 Nxb3 11. axb3 h6 12. Bh4 Be7 13. Nc3 c6 14. O-O-O Qc7 15.
g4 a5 16. Kb1 a4 17. b4 Be6 18. g5 Nd7 19. gxh6 Bxh4 20. Nxh4 Rxh6 21. Nf5 Bxf5
22. exf5 O-O-O 23. Rhg1 a3 24. b3 Rxh3 25. Ne4 Nf8 26. Qg4 Rh7 27. f6+ Rd7 28.
Nxd6+ Kb8 29. Ne8 Rxd1+ 30. Rxd1 a2+ 31. Kxa2 Qa7+ 32. Kb2 gxf6 33. Rd8+ Kb7 34.
Nd6+ Ka6 35. Qc8+ Kb6 36. c4 bxc4 37. bxc4 c5 38. Qxc5+ Ka6 39. Qb5# 1-0

[Event "Women's Speed Chess Q5"]
[Site "chess.com INT"]
[Date "2021.06.04"]
[Round "5"]
[White "Antolak, Julia"]
[Black "Buksa, Nataliya"]
[Result "0-1"]
[WhiteTitle "WIM"]
[BlackTitle "IM"]
[WhiteElo "2309"]
[BlackElo "2413"]
[WhiteFideId "1159569"]
[BlackFideId "14123622"]
[EventDate "2021.06.04"]

1. e4 c5 2. Nf3 Nc6 3. Bb5 g6 4. Bxc6 dxc6 5. O-O Bg7 6. h3 Nf6 7. d3 Nd7 8.
Nbd2 e5 9. Nc4 Qc7 10. a3 Nf8 11. b4 b6 12. bxc5 bxc5 13. Be3 Ne6 14. Ng5 Nxg5
15. Bxg5 Be6 16. Be3 Bxc4 17. dxc4 O-O 18. Bxc5 Rfd8 19. Qe2 Qa5 20. Bb4 Qa4 21.
Rfd1 Bf6 22. Rd3 Kg7 23. Rad1 Rxd3 24. Rxd3 a5 25. Bd6 Qxc4 26. Re3 Qe6 27. Bc5
Rd8 28. Bb6 Rb8 29. Bxa5 Rb1+ 30. Kh2 Bg5 31. Rf3 h5 32. Bd2 Be7 33. Qd3 Ra1 34.
Qa6 h4 35. Bc3 Rc1 36. Qd3 Bf6 37. Re3 Qa2 38. Re1 Rxc2 39. Bb4 Rxf2 40. Rg1 Bg5
41. Qd6 Bf4+ 42. Kh1 Qb3 43. Qf8+ Kh7 44. a4 Qxh3+ 45. gxh3 Rh2# 0-1

[Event "Women's Speed Chess Q5"]
[Site "chess.com INT"]
[Date "2021.06.04"]
[Round "5"]
[White "Frayna, Janelle Mae"]
[Black "Campos, Maria Jose"]
[Result "1-0"]
[WhiteTitle "WGM"]
[BlackTitle "WFM"]
[WhiteElo "2179"]
[BlackElo "2133"]
[WhiteFideId "5212499"]
[BlackFideId "146803"]
[EventDate "2021.06.04"]

1. d4 Nf6 2. Nf3 e6 3. Nc3 Bb4 4. Bd2 d5 5. a3 Bd6 6. Bg5 h6 7. Bh4 Nbd7 8. e3
c5 9. Be2 O-O 10. O-O b6 11. Nb5 Be7 12. c4 dxc4 13. Bxc4 Bb7 14. dxc5 Nxc5 15.
b4 Nce4 16. Qxd8 Rfxd8 17. Rfd1 a6 18. Nbd4 b5 19. Bb3 Rac8 20. Ne5 g5 21. Bg3
Nd5 22. Rac1 Bf6 23. Nec6 Re8 24. Na5 Ba8 25. Kf1 h5 26. Bxd5 Bxd5 27. Ndc6 h4
28. Be5 Bxc6 29. Bxf6 Bd5 30. Bd4 g4 31. f3 gxf3 32. gxf3 Nd6 33. e4 Bc4+ 34.
Kf2 f5 35. Bc5 Nf7 36. Nxc4 bxc4 37. Rxc4 Ne5 38. Rcd4 Kf7 39. h3 f4 40. Bd6 Nc4
41. Bxf4 Re7 42. Bg5 Rb7 43. Rc1 Rbc7 44. Bxh4 Nxa3 45. Rxc7+ Rxc7 46. Kg3 Rc3
47. Rd7+ Kf8 48. Ra7 Rc6 49. Be7+ Kf7 50. b5 Nxb5 51. Rb7 Nd4 52. Bc5+ Kf6 53.
Bxd4+ e5 54. Rb6 1-0

[Event "Women's Speed Chess Q5"]
[Site "chess.com INT"]
[Date "2021.06.04"]
[Round "5"]
[White "Socko, Monika"]
[Black "Khalafova, Narmin"]
[Result "1-0"]
[WhiteTitle "GM"]
[BlackTitle "WGM"]
[WhiteElo "2393"]
[BlackElo "2279"]
[WhiteFideId "1106619"]
[BlackFideId "13402625"]
[EventDate "2021.06.04"]

1. d4 d5 2. c4 c6 3. Nf3 Nf6 4. Nbd2 Bf5 5. g3 h6 6. Bg2 e6 7. O-O Be7 8. b3 O-O
9. Bb2 a5 10. a3 a4 11. b4 Nbd7 12. Ne5 Bh7 13. c5 Ne8 14. Rc1 Qc7 15. Nb1 Nxe5
16. dxe5 b5 17. cxb6 Qxb6 18. Bd4 Qa6 19. Nc3 Nc7 20. Qd2 Rfc8 21. e4 Nb5 22.
Nxb5 Qxb5 23. Qe3 dxe4 24. Bxe4 Bxe4 25. Qxe4 Qd5 26. Qxd5 cxd5 27. f4 Kf8 28.
Kf2 Ke8 29. Ke3 Kd7 30. Kd3 Rab8 31. g4 g6 32. Rxc8 Rxc8 33. f5 gxf5 34. gxf5
Bg5 35. fxe6+ Kxe6 36. b5 Bc1 37. Rf6+ Ke7 38. Ra6 Rc4 39. b6 Kd7 40. e6+ fxe6
41. Be5 Kc6 42. Bd4 Bxa3 43. Ra7 Rb4 44. Rc7+ Kd6 45. Bc5+ Ke5 46. Bxb4 Bxb4 47.
b7 a3 48. b8=Q a2 49. Ra7+ Bd6 50. Qb2+ Kf5 51. Qxa2 1-0

[Event "Women's Speed Chess Q5"]
[Site "chess.com INT"]
[Date "2021.06.04"]
[Round "5"]
[White "Shuvalova, Polina"]
[Black "Dzagnidze, Nana"]
[Result "0-1"]
[WhiteTitle "IM"]
[BlackTitle "GM"]
[WhiteElo "2489"]
[BlackElo "2524"]
[WhiteFideId "24171760"]
[BlackFideId "13601903"]
[EventDate "2021.06.04"]

1. e4 c5 2. Nf3 d6 3. d4 cxd4 4. Nxd4 Nf6 5. Nc3 a6 6. a3 e5 7. Nf5 Bxf5 8. exf5
d5 9. Bg5 d4 10. Bxf6 Qxf6 11. Nd5 Qd8 12. c4 dxc3 13. bxc3 Nc6 14. Rb1 Rb8 15.
Be2 Bxa3 16. O-O O-O 17. c4 Bc5 18. Bd3 f6 19. Be4 Nd4 20. Qd3 b5 21. cxb5 axb5
22. Rfc1 Rc8 23. Kh1 Qd6 24. Qd1 Ba3 25. Rc3 Rxc3 26. Nxc3 b4 27. Nd5 b3 28. Ne3
b2 29. Qa4 Rc8 30. Nc4 Qc5 31. Bd3 Nb5 32. Qb3 Kh8 33. h4 e4 34. Bf1 h6 35. Kg1
Ra8 36. Ne3 Nd4 37. Qb7 Rf8 38. Nc4 Qe5 39. Nxa3 Qxf5 40. Rxb2 Qg4 41. Qb4 Nf3+
42. Kh1 Qxh4# 0-1

[Event "Women's Speed Chess Q5"]
[Site "chess.com INT"]
[Date "2021.06.04"]
[Round "5"]
[White "Torres Hernandez, Leslie Carolin"]
[Black "Nanditha, V"]
[Result "0-1"]
[WhiteTitle "WFM"]
[BlackTitle "WCM"]
[WhiteElo "1884"]
[BlackElo "1666"]
[WhiteFideId "8400504"]
[BlackFideId "46626697"]
[EventDate "2021.06.04"]

1. e4 c6 2. Nc3 d5 3. g3 dxe4 4. Nxe4 Nf6 5. Bg2 Nbd7 6. Qe2 Nxe4 7. Bxe4 Nf6 8.
Bg2 Bf5 9. c3 e6 10. d4 Be7 11. Nf3 h6 12. O-O O-O 13. Ne5 Nd5 14. Be4 Bxe4 15.
Qxe4 Bd6 16. Nd3 Qf6 17. f4 Qf5 18. Qxf5 exf5 19. Bd2 Rae8 20. Rfe1 Re4 21. Kf2
Rfe8 22. h3 Nf6 23. Re3 Rxe3 24. Bxe3 Ne4+ 25. Kf3 Nxg3 26. Rg1 Ne4 27. h4 f6
28. h5 Kf7 29. c4 b5 30. Rc1 a6 31. cxb5 cxb5 32. Rc6 Ra8 33. Nc5 a5 34. Nxe4
fxe4+ 35. Kxe4 Re8+ 36. Kf3 Ke6 37. Bd2 Ra8 38. Ke4 f5+ 39. Kf3 Kd5 40. Rb6 b4
41. Rb5+ Kxd4 42. Rxf5 Be7 43. Be3+ Kc4 44. Rf7 Bf6 45. Rc7+ Kd3 46. b3 Re8 47.
Rd7+ Kc2 48. Rd5 Ra8 49. Rd2+ Kb1 50. Ke4 Bc3 51. Re2 Re8+ 52. Kd3 Rd8+ 53. Kc4
Re8 54. Kd3 Bb2 55. Rg2 Rc8 56. Bd4 Bc3 0-1

[Event "Women's Speed Chess Q5"]
[Site "chess.com INT"]
[Date "2021.06.04"]
[Round "5"]
[White "Nguyen, Hong Ngoc"]
[Black "Avramidou, Anastasia"]
[Result "0-1"]
[WhiteTitle "WCM"]
[BlackTitle "FM"]
[WhiteElo "1957"]
[BlackElo "2238"]
[WhiteFideId "12403083"]
[BlackFideId "4239873"]
[EventDate "2021.06.04"]

1. e4 g6 2. Nc3 Bg7 3. g3 d6 4. Bg2 Nf6 5. Nge2 O-O 6. O-O c6 7. d3 e5 8. Be3
Bg4 9. Qd2 Qd7 10. f4 Na6 11. a3 Nc7 12. Rac1 Rfe8 13. d4 exf4 14. Nxf4 h5 15.
h3 Be6 16. Nxe6 Nxe6 17. d5 cxd5 18. Nxd5 Nxd5 19. exd5 Nc5 20. Bd4 Bxd4+ 21.
Qxd4 Qe7 22. Qf4 Qe3+ 23. Qxe3 Rxe3 24. Kf2 Rae8 25. Rce1 Rxe1 26. Rxe1 Rxe1 27.
Kxe1 Kg7 28. b4 Nd7 29. Ke2 Kf6 30. Ke3 Ke5 31. c4 b6 32. h4 Nf6 33. Bf3 Ne8 34.
Bg2 Ng7 35. Bh3 f6 36. g4 hxg4 37. Bxg4 f5 38. Be2 f4+ 39. Kf3 Nf5 40. Kg4 Ke4
41. Bf3+ Ke3 42. Bd1 Ng3 43. Bf3 Ne4 44. Bg2 Nd2 45. c5 bxc5 46. bxc5 dxc5 47.
d6 Nc4 48. Kg5 Nxd6 49. Kxg6 c4 50. h5 c3 51. h6 c2 52. h7 c1=Q 53. h8=Q Qc2+
54. Kh6 Nf7+ 0-1

[Event "Women's Speed Chess Q5"]
[Site "chess.com INT"]
[Date "2021.06.04"]
[Round "5"]
[White "Papp, Petra"]
[Black "Bodnaruk, Anastasia"]
[Result "0-1"]
[WhiteTitle "WGM"]
[BlackTitle "IM"]
[WhiteElo "2336"]
[BlackElo "2446"]
[WhiteFideId "739049"]
[BlackFideId "4181751"]
[EventDate "2021.06.04"]

1. e4 c5 2. Nf3 d6 3. d4 cxd4 4. Nxd4 Nf6 5. Nc3 a6 6. Bg5 Nbd7 7. Bc4 Qb6 8.
Bb3 e6 9. Qd2 Be7 10. O-O-O Nc5 11. f3 h6 12. Be3 Qc7 13. g4 b5 14. h4 b4 15.
Nce2 Nfd7 16. g5 h5 17. g6 Ne5 18. gxf7+ Kxf7 19. Bg5 Bf6 20. Kb1 Nxb3 21. cxb3
Bd7 22. Rc1 Qb7 23. Rhg1 Rac8 24. Bxf6 gxf6 25. Nf4 Rxc1+ 26. Rxc1 a5 27. Rd1
Qb6 28. Nfe2 Ng6 29. f4 Nxh4 30. f5 exf5 31. Nxf5 Nxf5 32. exf5 Bxf5+ 33. Ka1 h4
34. Qf4 Qc5 35. Nd4 Rh5 36. Rf1 Kg6 37. Rg1+ Rg5 38. Re1 h3 39. Qh4 h2 40. Qh8
Qxd4 41. Qxh2 Rh5 42. Qg2+ Qg4 43. Qd2 Rg5 44. a3 bxa3 45. bxa3 Qg3 46. Qb2 d5
47. Qa2 Be4 0-1

[Event "Women's Speed Chess Q5"]
[Site "chess.com INT"]
[Date "2021.06.04"]
[Round "5"]
[White "Vo, Thi Kim Phung"]
[Black "Li, Xueyi"]
[Result "1-0"]
[WhiteTitle "WGM"]
[BlackTitle "WGM"]
[WhiteElo "2335"]
[BlackElo "2303"]
[WhiteFideId "12401838"]
[BlackFideId "8605912"]
[EventDate "2021.06.04"]

1. d4 Nf6 2. c4 b6 3. Nc3 Bb7 4. Bg5 g6 5. Nf3 Bg7 6. Qc2 h6 7. Bh4 d6 8. e4 g5
9. Bg3 Nh5 10. O-O-O Nd7 11. Be2 c5 12. d5 a6 13. a4 Nf8 14. Ne1 Nxg3 15. hxg3
Bc8 16. f4 Bd7 17. Kb1 Qc7 18. Nd3 O-O-O 19. Qd2 f5 20. fxg5 hxg5 21. Rxh8 Bxh8
22. exf5 Bxf5 23. Qxg5 Qd7 24. g4 Bg6 25. Qd2 Bxc3 26. Qxc3 Qxa4 27. Rf1 Nd7 28.
b3 Qa3 29. Qb2 Qa5 30. Kc2 b5 31. Ra1 Qb6 32. Qg7 Ne5 33. Qxe7 bxc4 34. Qe6+ Kc7
35. bxc4 Bxd3+ 36. Bxd3 Nxd3 37. Kxd3 Qb3+ 38. Ke4 Qxc4+ 39. Kf5 Rf8+ 40. Kg6
Qd3+ 41. Kg7 Rd8 42. Rf1 Qd4+ 43. Rf6 Qxg4+ 44. Qxg4 1-0

[Event "Women's Speed Chess Q5"]
[Site "chess.com INT"]
[Date "2021.06.04"]
[Round "5"]
[White "Arakhamia-Grant, Ketevan"]
[Black "Priyanka, K"]
[Result "1-0"]
[WhiteTitle "GM"]
[BlackTitle "WIM"]
[WhiteElo "2380"]
[BlackElo "2218"]
[WhiteFideId "13600168"]
[BlackFideId "5082986"]
[EventDate "2021.06.04"]

1. e4 c5 2. Nf3 d6 3. Bb5+ Nd7 4. O-O a6 5. Bd3 Ngf6 6. c3 g6 7. Bc2 Bg7 8. d4
e5 9. Nbd2 O-O 10. a4 Qc7 11. d5 Nh5 12. Nc4 Nf4 13. a5 b5 14. axb6 Nxb6 15.
Nxb6 Qxb6 16. Ba4 Bg4 17. h3 Bh5 18. Kh2 f5 19. exf5 gxf5 20. Bxf4 exf4 21. Qe2
Kh8 22. Rfe1 Rab8 23. Rab1 Qa5 24. Bd7 Qd8 25. Be6 Qf6 26. Qd3 Qh6 27. Nd2 Be5
28. f3 Qg5 29. Nc4 Qg3+ 30. Kh1 Rb7 31. Nxe5 dxe5 32. Rxe5 Rg7 33. Rg1 c4 34.
Qe2 Rf6 35. Bxf5 Rh6 36. Re8+ Bxe8 37. Qxe8+ Rg8 38. Qe5+ Qg7 39. Qxf4 Qf6 40.
Qe4 Rh5 41. Bg4 Re5 42. Qd4 h5 43. Be6 Rd8 44. Qxc4 a5 45. Qc7 Rf8 46. c4 h4 47.
c5 Re2 48. c6 Qg5 49. Qd6 1-0

[Event "Women's Speed Chess Q5"]
[Site "chess.com INT"]
[Date "2021.06.04"]
[Round "5"]
[White "Tokhirjonova, Gulrukhbegim"]
[Black "Agrest, Inna"]
[Result "1/2-1/2"]
[WhiteTitle "WGM"]
[BlackTitle "WIM"]
[WhiteElo "2344"]
[BlackElo "2285"]
[WhiteFideId "14203626"]
[BlackFideId "1708830"]
[EventDate "2021.06.04"]

1. e4 e5 2. Nf3 Nc6 3. Bb5 a6 4. Ba4 Nf6 5. O-O b5 6. Bb3 Bc5 7. d3 d6 8. c3 Bb6
9. h3 O-O 10. Nbd2 Rb8 11. Re1 Nh5 12. Nf1 Qf6 13. Ne3 Nf4 14. Nd5 Nxd5 15. Bxd5
Bd7 16. b4 h6 17. a4 Ne7 18. Bb3 Ng6 19. d4 Rbd8 20. a5 Ba7 21. Be3 c5 22. dxe5
dxe5 23. Bd5 Nf4 24. Bxf4 Qxf4 25. Qc1 Qf6 26. Qe3 Rc8 27. Red1 Rc7 28. Qe2 cxb4
29. cxb4 Rfc8 30. Rd2 Rc1+ 31. Rxc1 Rxc1+ 32. Rd1 Rc7 33. Qb2 Bxh3 34. Qxe5 Qxe5
35. Nxe5 Be6 36. Bxe6 fxe6 37. Rd6 Rc1+ 38. Kh2 Bxf2 39. Rxa6 Rc3 40. Nf3 Rc4
41. Rxe6 Rxb4 42. a6 Kf7 43. Re5 Kf6 44. Rf5+ Ke6 45. Nd2 Bd4 46. Rd5 Be5+ 47.
Kh3 Rb2 48. Nf3 Bf4 49. a7 Ra2 50. Nd4+ Ke7 51. Nxb5 g5 52. g3 Be3 53. Re5+ Kf6
54. Rf5+ Kg6 55. Rd5 h5 56. Rd6+ Kg7 57. Rd7+ Kg6 58. Rd6+ Kg7 59. Rd7+ Kg6 60.
Rd6+ 1/2-1/2

[Event "Women's Speed Chess Q5"]
[Site "chess.com INT"]
[Date "2021.06.04"]
[Round "5"]
[White "Nandhidhaa, P V"]
[Black "Dordzhieva, Dinara"]
[Result "1-0"]
[WhiteTitle "WGM"]
[BlackTitle "WGM"]
[WhiteElo "2365"]
[BlackElo "2311"]
[WhiteFideId "5050847"]
[BlackFideId "24157570"]
[EventDate "2021.06.04"]

1. b3 e5 2. Bb2 Nc6 3. Nf3 Bd6 4. d4 exd4 5. Nxd4 Nxd4 6. Qxd4 Nf6 7. e3 Be7 8.
Be2 c5 9. Qd2 d5 10. c4 Be6 11. cxd5 Bxd5 12. Bb5+ Kf8 13. O-O Ne4 14. Qe2 Qb6
15. Rd1 Rd8 16. Nc3 Nxc3 17. Bxc3 Qg6 18. f3 f6 19. e4 Be6 20. Rxd8+ Bxd8 21.
Rd1 Be7 22. Bd7 Qf7 23. Qb5 b6 24. Qc6 Bxd7 25. Rxd7 Qe8 26. Qd5 Qf7 27. Qc6 Qe8
28. e5 fxe5 29. Bxe5 h5 30. Qe6 Rh7 31. Rxe7 Qxe7 32. Bd6 g5 33. Bxe7+ Rxe7 34.
Qf6+ Ke8 35. Qxg5 Re2 36. Qxh5+ Kd7 37. Qd5+ Kc7 38. a4 a6 39. h4 b5 40. axb5
axb5 41. Qxc5+ Kd8 42. Qxb5 Re1+ 43. Kh2 Re6 44. h5 Ke7 45. Qb7+ Kf6 46. h6 Kg6
47. Qg7+ Kf5 48. Qg4+ Kf6 49. Qxe6+ Kxe6 50. h7 Kf5 51. h8=Q Kf4 52. b4 Ke3 53.
b5 Kd3 54. b6 Kc4 55. b7 Kd3 56. b8=Q Ke3 57. Qhe5+ Kd3 58. Qbd6+ 1-0

[Event "Women's Speed Chess Q5"]
[Site "chess.com INT"]
[Date "2021.06.04"]
[Round "5"]
[White "Chitlange, Sakshi"]
[Black "Vu, Bui Thi Thanh Van"]
[Result "0-1"]
[WhiteTitle "WIM"]
[BlackTitle "WFM"]
[WhiteElo "2167"]
[BlackElo "1750"]
[WhiteFideId "35002899"]
[BlackFideId "12408921"]
[EventDate "2021.06.04"]

1. d4 e6 2. c4 f5 3. g3 Nf6 4. Bg2 Be7 5. Nf3 O-O 6. O-O d6 7. Nc3 Ne4 8. Nxe4
fxe4 9. Ne1 d5 10. f3 dxc4 11. fxe4 Rxf1+ 12. Bxf1 Nc6 13. Nf3 b5 14. a4 b4 15.
Be3 Bb7 16. a5 Qe8 17. a6 Bc8 18. Qc2 Qg6 19. Bg2 Bd7 20. Bf2 Rf8 21. Rf1 Na5
22. Ne5 Qe8 23. Bh3 Bc8 24. Nxc4 Nxc4 25. Qxc4 Qg6 26. Bg2 Bg5 27. Qxc7 Bxa6 28.
Qc2 Qh6 29. Qa4 Bxe2 30. Re1 Bc4 31. Qxb4 Ba6 32. Qd6 Bc8 33. Qe5 Bd2 34. Rf1
Bg5 35. h4 Bf6 36. Qc5 Qd2 37. e5 Bd8 38. Qc3 Qh6 39. Be3 Rxf1+ 40. Bxf1 Qg6 41.
Kh2 Bd7 42. Bg2 Qf7 43. Qc5 Ba4 44. d5 Bb3 45. dxe6 Bxe6 46. Qd6 Bb6 47. Qb8+
Qf8 48. Qd6 Qxd6 49. exd6 Bxe3 50. Bd5 Bxd5 51. d7 Bb6 0-1